01072 2200361 4500001002100000005001500021007000300036008004100039020002200080035002000102040001700122041000800139082001200147084001800159090002300177100002400200245010800224250001000332264003400342300004400376336002100420337003000441338002300471504002400494650002100518700003600539850001000575990002500585990002500610990002500635990002500660990002500685INLIS00000000000599320260419073728ta260419 0  a978-602-8179-37-9 a0010-0322000237 aSBPUPADbind0 aind a344.046 a344.046 TIM a a344.046 TIM a 10-70 aTim PPLHePengarang1 aAda Apa Dengan Terumbu Karang? :bPendidikan Lingkungan Hidup dan Lifeskill untuk Anak-anak /cTim PPLH acet.1 aakarta :bRizky Grafis,c2008 avi, 38 hlm. :billus. ;c14,5 x 20,5 cm 2rdacontentaTeks 2rdamediaaTanpa Perantara 2rdacarrieravolume aBibliografi, hlm 36 4aLingkungan Hidup0 aPenyunting, M.SofyanePengarang aPUPAD a8760/H/KAPD-Pdg/2009 a8761/H/KAPD-Pdg/2009 a8762/H/KAPD-Pdg/2009 a8763/H/KAPD-Pdg/2009 a8764/H/KAPD-Pdg/2009